Research methods
Αποθηκεύτηκε σε:
| Κύριος συγγραφέας: | |
|---|---|
| Μορφή: | Βιβλίο |
| Γλώσσα: | English |
| Δημοσίευση: |
London :
Routledge,
c1990
|
| Έκδοση: | 2nd ed. |
| Σειρά: | Society now
|
| Θέματα: | |
| Ετικέτες: |
Προσθήκη ετικέτας
Δεν υπάρχουν, Καταχωρήστε ετικέτα πρώτοι!
|
MARC
| LEADER | 00000nam a2200000 i 4500 | ||
|---|---|---|---|
| 001 | 1/80995 | ||
| 008 | 990514s1990 eng d | ||
| 020 | |a 0-415-04126-0 | ||
| 035 | |l 10050781 | ||
| 040 | |a GR-MY-UA |b gre |e aacr | ||
| 041 | 0 | |a eng | |
| 082 | 0 | |a 301.072 | |
| 100 | 1 | |a McNeill, Patrick. | |
| 245 | 1 | 0 | |a Research methods / |c Patrick McNeill |
| 250 | |a 2nd ed. | ||
| 260 | |a London : |b Routledge, |c c1990 | ||
| 300 | |a ix, 150 σ.; |b εικ.; |c 20 εκ. | ||
| 490 | 1 | |a Society now | |
| 504 | |a Περιέχει βιβλιογραφικές παραπομπές (σ. 138-144) και ευρετήριο | ||
| 650 | 0 | 0 | |a Sociology |x Methodology. |
| 650 | 0 | 0 | |a Social sciences |x Methodology. |
| 830 | 0 | |a Society now | |
| 852 | |a INST |b LESVOS |e 19990514 |h 301.072 MCN |p 005100016364 |q 005100016364 |t BK |y 0 | ||
| 852 | |a INST |b LESVOS |e 20050223 |h 301.072 MCN |p 005100030224 |q 005100030224 |t BK |y 0 | ||
| 901 | |a BIBL1-1999-2 | ||
| 909 | |a Λ |b 062181 | ||
| 909 | |a Λ |b 116259 | ||
| 922 | |a 1ΕΛΗ |b 199812 |c ΚΠΣ/ΚΥΒ |d LEADER | ||
| 950 | |a 023-1998-09-14 | ||